Využitie teórie rozbitých okien v boji proti vandalizmu - experiment vo vybranej samospráve bakalárska práca

Salvato in:
Dettagli Bibliografici
Autore principale: Selecká, Timea
Ente Autore: Národohospodárska fakulta EU. Katedra verejnej správy a regionálneho rozvoja
Altri autori: Jacko, Tomáš, 1987-
Natura: Libro
Lingua:slovacco
Pubblicazione: Bratislava 2023
Tags: Aggiungi Tag
Nessun Tag, puoi essere il primo ad aggiungerne!!

MARC

LEADER 00000nbm a2200000 4500
001 0294612
005 20231206145623.0
041 0 |a slo 
044 |a SK 
245 1 0 |a Využitie teórie rozbitých okien v boji proti vandalizmu - experiment vo vybranej samospráve  |b bakalárska práca  |c Timea Selecká ; školiteľ: Tomáš Jacko 
264 1 |a Bratislava  |c 2023 
300 |a 46 s. 
100 1 |a Selecká, Timea 
700 1 |a Jacko, Tomáš, 1987- 
710 2 |a Národohospodárska fakulta EU. Katedra verejnej správy a regionálneho rozvoja